Réponse d'un espagnol a deux pamphlets publiés a Paris contre le roi notre maitre et son gouvernement / (Record no. 163325)

MARC details
000 -LEADER
campo de control de longitud fija 00839nam a22001695i 4500
001 - NÚMERO DE CONTROL
campo de control 163325
003 - IDENTIFICADOR DE NÚMERO DE CONTROL
campo de control ES-MaACL
005 - FECHA Y HORA DE LA ÚLTIMA TRANSACCIÓN
campo de control 20250604062548.0
008 - DATOS DE LONGITUD FIJA--INFORMACIÓN GENERAL
campo de control de longitud fija 050718s1825 fr | |||||||| ||fre d
040 ## - FUENTE DE CATALOGACIÓN
Centro catalogador/agencia de origen CAM
Lengua de catalogación spa
Centro/agencia transcriptor CAM
245 00 - MENCIÓN DEL TÍTULO
Título Réponse d'un espagnol a deux pamphlets publiés a Paris contre le roi notre maitre et son gouvernement /
Mención de responsabilidad, etc. brochure traduite del'espagnol et augmenté de quelques notes pour l'intelligence du lecteur.
260 ## - PUBLICACIÓN, DISTRIBUCIÓN, ETC.
Lugar de publicación, distribución, etc. Paris :
Nombre del editor, distribuidor, etc. a la librairie française et étrangère,
Fecha de publicación, distribución, etc. 1825 (
Fabricante Inprimerie de Sétier)
300 ## - DESCRIPCIÓN FÍSICA
Extensión 104 p. ;
Dimensiones 19 cm.
651 #7 - PUNTO DE ACCESO ADICIONAL DE MATERIA--NOMBRE GEOGRÁFICO
Nombre geográfico España-
Subdivisión general Historia-
Subdivisión cronológica S.XIX
Fuente del encabezamiento o término
9 (RLIN) 142005
852 ## - LOCALIZACIÓN
Ubicación ES-MaACL
Número de control de estantería T-5-F-3
condición física -- Enc. hol., falto de la cub. original
Nota libre -- Enc. en un vol. facticio
-- .- Donat. Angel Calderón de la Barca (Actas del Ateneo, junta 9 de abril de 1844)
Holdings
Estatus retirado Estado de pérdida Estado de daño No para préstamo Colección Biblioteca de origen Biblioteca actual Ubicación en estantería Fecha de adquisición Total de préstamos Signatura topográfica completa Código de barras Visto por última vez Precio de reemplazo Tipo de ítem Koha
        Colección de folletos Biblioteca del Ateneo de Madrid Biblioteca del Ateneo de Madrid Depósito folletos 17/01/2008   T-5-F-3 1171149 23/02/2023 23/02/2023 Folleto